=LDR 00000nam 2200000 4500 =001 INLIS000000000810163 =005 20251106100948 =035 ##$$a 0010-1125000017 =245 ##$$a Panduan Shalat : $b Tata cara shalat sesuai tuntunan rasulullah /$c Imam Asy-Syafii =260 ##$$a Jakarta timur : :$b Khatulistiwa press =082 ##$$a 297.382 =084 ##$$a 297.382 SYA p